000 00565nam a2200193Ia 4500
003 GCL
005 20240530105011.0
008 140319s9999 xx 000 0 ara d
040 _aGCL /
_cGCL
082 0 4 _a811.9
_bع د
100 0 _aعلى محمود طه
245 1 0 _aديوان على محمود طه /
_cعلى محمود طه
260 _a[S.N] :
_bدار العودة للصحافة والطباعه ،
_c1988
300 _a430 ص
650 0 4 _aالشعر العربى
650 0 4 _aمصر
650 0 4 _aدواوين وقصائد
942 _2ddc
_cBK
999 _c52421
_d52421